000 00224nam a2200109Ia 4500
100 _a#N/A
942 _cBK
654 _amarket research
245 _aSuccessful Marketing for Executives
260 _b#N/A
546 _aENGLISH
999 _c21349
_d21349